[Event "ch-European Rapid 2013"]
[Site "Warsaw POL"]
[Date "2013.12.14"]
[Round "2.6"]
[White "Snihur, Piotr"]
[Black "Ragger, Markus"]
[Result "0-1"]
[BlackTitle "GM"]
[WhiteElo "2133"]
[BlackElo "2646"]
[WhiteFideId "1157191"]
[BlackFideId "1610856"]
[EventDate "2013.12.14"]
[EventType "swiss"]

1. e4 e5 2. Nf3 Nc6 3. Bb5 a6 4. Ba4 Nf6 5. d3 b5 6. Bb3 Be7 7. O-O O-O 8. c3 d5
9. Nbd2 Bg4 10. Re1 Bc5 11. h3 Bh5 12. exd5 Nxd5 13. Ne4 Bb6 14. Ng3 Bg6 15.
Nxe5 Nxe5 16. Rxe5 c6 17. d4 Bc7 18. Re1 f5 19. Qf3 f4 20. Ne4 Bf7 21. Nc5 Qd6
22. Bd2 a5 23. Nd3 a4 24. Bc2 Bg6 25. Nb4 Nxb4 26. Bxg6 Qxg6 27. cxb4 Bb6 28.
Bc3 a3 29. b3 Rad8 30. Rad1 Rd5 31. Qe4 Qg5 32. Qe6+ Kh8 33. Re5 Rxe5 34. dxe5
f3 35. Qg4 Qxg4 36. hxg4 fxg2 37. Rd2 Rf4 38. Kxg2 Rxg4+ 39. Kf3 Rh4 40. e6 Kg8
41. e7 Kf7 42. Re2 Ke8 43. Bxg7 Rxb4 44. Bf6 Bc7 45. Bg5 Rd4 46. Ke3 Rd6 47. f4
h6 48. Bh4 Re6+ 49. Kf3 Rxe2 50. Kxe2 Bxf4 51. Kd3 Bg5 52. Be1 Bxe7 53. b4 Kd7
54. Kc3 h5 55. Kb3 h4 56. Bf2 h3 57. Bg1 Bd6 58. Kxa3 h2 59. Bxh2 Bxh2 60. Kb3
Kc7 61. a4 bxa4+ 62. Kxa4 Kb6 0-1

[Event "ch-European Rapid 2013"]
[Site "Warsaw POL"]
[Date "2013.12.14"]
[Round "2.7"]
[White "Moiseenko, Alexander"]
[Black "Artinyan, Remy"]
[Result "1-0"]
[WhiteTitle "GM"]
[WhiteElo "2713"]
[BlackElo "2061"]
[WhiteFideId "14102560"]
[BlackFideId "651486"]
[EventDate "2013.12.14"]
[EventType "swiss"]

1. d4 d5 2. c4 e6 3. Nc3 Be7 4. cxd5 exd5 5. Bf4 c6 6. e3 Bf5 7. Nge2 h6 8. Ng3
Bh7 9. Bd3 Bxd3 10. Qxd3 Nf6 11. O-O Nbd7 12. f3 O-O 13. e4 Re8 14. e5 Nh7 15.
Be3 Ndf8 16. f4 Qd7 17. f5 Bg5 18. Bxg5 Nxg5 19. Nh5 Rad8 20. Qg3 c5 21. h4 1-0

[Event "ch-European Rapid 2013"]
[Site "Warsaw POL"]
[Date "2013.12.14"]
[Round "2.8"]
[White "Stangl, Anita"]
[Black "Jobava, Baadur"]
[Result "0-1"]
[WhiteTitle "WFM"]
[BlackTitle "GM"]
[WhiteElo "2146"]
[BlackElo "2705"]
[WhiteFideId "4608801"]
[BlackFideId "13601520"]
[EventDate "2013.12.14"]
[EventType "swiss"]

1. e4 d6 2. Nf3 Nf6 3. Nc3 e5 4. d4 Nbd7 5. Bc4 Be7 6. O-O c6 7. a4 O-O 8. Bb3
a5 9. Bg5 Re8 10. Re1 h6 11. Bh4 Qc7 12. Qd2 Nf8 13. Rad1 Ng6 14. Bg3 Nh5 15. d5
Bg4 16. Qe3 Nhf4 17. h3 Bh5 18. Rd2 Qc8 19. Ne2 cxd5 20. exd5 Nxh3+ 21. gxh3
Qxh3 22. Nh2 Bg5 23. Qd3 e4 24. Qd4 Bf3 0-1

[Event "ch-European Rapid 2013"]
[Site "Warsaw POL"]
[Date "2013.12.14"]
[Round "2.9"]
[White "Tkachiev, Vladislav"]
[Black "Paszewski, Mateusz"]
[Result "1-0"]
[WhiteTitle "GM"]
[WhiteElo "2637"]
[BlackElo "2103"]
[WhiteFideId "618438"]
[BlackFideId "1141058"]
[EventDate "2013.12.14"]
[EventType "swiss"]

1. d4 d5 2. c4 c6 3. Nf3 e6 4. e3 Nf6 5. Bd3 dxc4 6. Bxc4 b5 7. Bd3 Nbd7 8. O-O
a6 9. a4 Bb7 10. Qe2 Be7 11. e4 h6 12. Rd1 Qb8 13. Nbd2 b4 14. Nb3 a5 15. Bd2 e5
16. dxe5 Ng4 17. e6 fxe6 18. Bc4 Nde5 19. Nxe5 Nxe5 20. Bf4 O-O 21. Bxe6+ Kh8
22. Bg3 Bd6 23. Nd4 Bc7 24. Bf5 Qe8 25. Ne6 Rf7 26. Nxc7 Rxc7 27. Rac1 Re7 28.
Qe3 Rd8 29. Bh4 Rxd1+ 30. Rxd1 Qh5 31. f3 Re8 32. Bg3 Nc4 33. Qd4 Qf7 34. Rc1
Ba6 35. b3 c5 36. Qd3 Na3 37. Qxa6 Qxb3 38. Bf2 Qb2 39. Rf1 c4 40. Qg6 1-0

[Event "ch-European Rapid 2013"]
[Site "Warsaw POL"]
[Date "2013.12.14"]
[Round "2.11"]
[White "Rapport, Richard"]
[Black "Flis, Pawel"]
[Result "1-0"]
[WhiteTitle "GM"]
[WhiteElo "2687"]
[BlackElo "2017"]
[WhiteFideId "738590"]
[BlackFideId "1112864"]
[EventDate "2013.12.14"]
[EventType "swiss"]

1. e4 c5 2. b3 Nc6 3. Bb2 d6 4. Bb5 Bd7 5. f4 Nf6 6. d3 Qa5+ 7. Nc3 g6 8. Ne2
Bg7 9. O-O O-O 10. a4 a6 11. Bxc6 Bxc6 12. Qe1 e6 13. Qh4 Qd8 14. a5 b5 15. axb6
Qxb6 16. Nd1 Ne8 17. Kh1 Bxb2 18. Nxb2 d5 19. f5 dxe4 20. fxe6 f5 21. Nc4 Qc7
22. dxe4 Bxe4 23. Nc3 Bc6 24. Rae1 Nf6 25. e7 Rf7 26. Ne5 Qb7 27. Nxf7 Kxf7 28.
Rf2 Re8 29. Qc4+ Kg7 30. Qxc5 Qc7 31. Qd4 Rxe7 32. Rxe7+ Qxe7 33. Re2 Qb7 34.
Re6 Bxg2+ 35. Kg1 Bh3 36. Qxf6+ 1-0

[Event "ch-European Rapid 2013"]
[Site "Warsaw POL"]
[Date "2013.12.14"]
[Round "2.12"]
[White "Petrovskis, Olegs"]
[Black "Socko, Bartosz"]
[Result "1/2-1/2"]
[BlackTitle "GM"]
[WhiteElo "2034"]
[BlackElo "2657"]
[WhiteFideId "11603186"]
[BlackFideId "1107038"]
[EventDate "2013.12.14"]
[EventType "swiss"]

1. d4 Nf6 2. c4 e6 3. Nf3 b6 4. g3 Bb7 5. Bg2 c5 6. O-O cxd4 7. Nxd4 Bxg2 8.
Kxg2 Qc8 9. b3 Be7 10. Bb2 O-O 11. Nc3 Qb7+ 12. Kg1 Rd8 13. e3 Nc6 14. Qf3 Rac8
15. Rfd1 a6 16. Nxc6 Rxc6 17. Ne4 Nxe4 18. Qxe4 b5 19. Rac1 bxc4 20. Rxc4 d5 21.
Qg4 Bf8 22. Rxc6 Qxc6 23. Rc1 Qd7 24. Qd4 Rc8 25. Rxc8 Qxc8 26. Qc3 Qb7 27. Qa5
f6 28. Bd4 Kf7 29. Qb6 Qc8 30. Qa7+ Kg6 31. Bb6 Bd6 32. Ba5 h5 33. Qb6 Bc5 34.
Qc7 Qxc7 35. Bxc7 Kf5 36. Kf1 Bb4 37. h3 g5 38. Ke2 g4 39. hxg4+ hxg4 40. Kd3 e5
41. Bb6 Ke6 42. Bd8 Kf5 43. Bb6 Be1 44. Ke2 Bc3 45. Kd3 Bb4 46. Ba7 Ke6 47. Bb6
Kd7 48. Ke2 f5 49. Kd3 Kc6 50. Bd8 e4+ 51. Ke2 Bc3 52. Be7 Kb5 53. Bf8 Bb4 54.
Bg7 Ba3 55. Kd2 a5 56. Bf6 Bb4+ 57. Kd1 a4 58. bxa4+ Kxa4 59. Bb2 Ba5 60. Ke2
Kb4 61. Kd2 Kc4+ 62. Ke2 Bb4 63. Be5 Kb5 64. Bd4 Ka4 65. Bb2 Ba5 66. Kd1 Bb6 67.
Ke2 Kb4 68. Kd2 Ba7 69. Ke2 Bc5 70. Kd2 Kc4 71. Ke2 Bb4 72. Be5 Ba3 73. Kd2 Kb5
74. Bd4 Ka4 75. Ke2 Kb5 76. Be5 Ka5 77. Bc3+ Ka4 78. Bd4 Bb4 79. Bb2 Ba5 80. Kd1
Kb4 81. Kd2 Kc4+ 82. Ke2 Bb4 83. Be5 Bc5 84. Bb2 Bb6 85. Be5 Kb4 86. Bb2 Ba7 87.
Ke1 Bb6 88. Ke2 Ka4 89. Ke1 Ba7 90. Ke2 Bc5 91. Ke1 Bb6 92. Ke2 Ba5 93. Kd1 Kb4
94. Kd2 Kc4+ 95. Ke2 Bb6 96. Be5 Ba7 97. Bf6 Bc5 98. Bb2 Bd6 99. Bf6 Bc7 100.
Bb2 Bb6 101. Be5 Ba5 102. Bb2 Bb4 103. Bd4 Ba3 104. Kd2 Kb4 105. Bc3+ Ka4 106.
Ke2 Bc1 107. Kd1 Ba3 108. Ke2 Kb5 109. Be5 Kc5 110. Bf6 Kc4 111. Be5 Bc1 112.
Kd1 Ba3 113. Ke2 Be7 114. Bb2 Bb4 115. Be5 Ba5 116. Bb2 Kb4 117. Kd2 Ka4+ 118.
Ke2 Bb4 119. Kd1 Bc5 120. Ke2 Bb6 121. Kd2 Kb4 122. Ke2 Ba7 123. Kd2 Kc4 124.
Ke2 Bb6 125. Kd2 Ba5+ 126. Ke2 Bb4 127. Be5 Ba3 128. Bd4 Kb4 129. Kd2 Kb5 130.
Ke2 Kb4 131. Kd2 Kb5 132. Ke2 Ka4 133. Bc3 Bc5 1/2-1/2

[Event "ch-European Rapid 2013"]
[Site "Warsaw POL"]
[Date "2013.12.14"]
[Round "2.13"]
[White "Perunovic, Milos"]
[Black "Szaro, Jaroslaw"]
[Result "1-0"]
[WhiteTitle "GM"]
[WhiteElo "2622"]
[BlackElo "2102"]
[WhiteFideId "921629"]
[BlackFideId "1107593"]
[EventDate "2013.12.14"]
[EventType "swiss"]

1. e4 c5 2. Nc3 Nc6 3. Bb5 Nd4 4. Nf3 Nxb5 5. Nxb5 g6 6. d4 Qa5+ 7. Nc3 Bg7 8.
dxc5 Bxc3+ 9. bxc3 Qxc3+ 10. Bd2 Qxc5 11. O-O d6 12. Re1 Bg4 13. Rb1 Qc6 14. Rb3
h5 15. Qa1 e5 16. Nxe5 Qxc2 17. Nc4 f6 18. Rc1 Qxe4 19. Nxd6+ 1-0

[Event "ch-European Rapid 2013"]
[Site "Warsaw POL"]
[Date "2013.12.14"]
[Round "2.14"]
[White "Freuler, Roman"]
[Black "Sargissian, Gabriel"]
[Result "0-1"]
[BlackTitle "GM"]
[WhiteElo "2053"]
[BlackElo "2675"]
[WhiteFideId "1304283"]
[BlackFideId "13300881"]
[EventDate "2013.12.14"]
[EventType "swiss"]

1. e4 e5 2. Nf3 Nc6 3. d4 exd4 4. Nxd4 Bc5 5. Be3 Qf6 6. c3 Nge7 7. Bc4 O-O 8.
O-O b6 9. b4 Bxd4 10. Bxd4 Nxd4 11. Qxd4 Qxd4 12. cxd4 Nc6 13. Bd5 Ba6 14. Rd1
Rad8 15. a3 Ne7 16. Bb3 d5 17. e5 Bc4 18. Nd2 b5 19. Bc2 Nc6 20. Nf3 Ra8 21. Bf5
a5 22. Bd7 Nb8 23. e6 Nxd7 24. exd7 f6 25. bxa5 Rxa5 26. Re1 Kf7 27. Nd2 Rd8 28.
h3 Rxd7 29. a4 bxa4 30. Rec1 Bb5 31. Nb3 Ra8 32. Nc5 Re7 33. Rc3 c6 34. Rca3 h5
35. h4 g5 36. hxg5 fxg5 37. Kh2 Kg6 38. Kg1 h4 39. Kh2 Re2 40. Kg1 Rd2 41. Nxa4
Rxd4 42. Nc5 Rxa3 43. Rxa3 Rd1+ 44. Kh2 d4 45. Ra8 Bc4 46. Ra7 d3 47. Nd7 Kf5
48. Ra5+ Bd5 49. Nb6 d2 50. Nxd5 Rh1+ 0-1

[Event "ch-European Rapid 2013"]
[Site "Warsaw POL"]
[Date "2013.12.14"]
[Round "2.15"]
[White "Lysyj, Igor"]
[Black "Khamidov, Komil"]
[Result "1-0"]
[WhiteTitle "GM"]
[WhiteElo "2666"]
[BlackElo "2109"]
[WhiteFideId "4150120"]
[BlackFideId "1108956"]
[EventDate "2013.12.14"]
[EventType "swiss"]

1. d4 d5 2. c4 c6 3. Nf3 Nf6 4. e3 g6 5. Nc3 Bg7 6. Be2 Bg4 7. O-O e6 8. h3 Bxf3
9. Bxf3 O-O 10. b3 c5 11. Ba3 cxd4 12. Bxf8 Kxf8 13. exd4 Nc6 14. Rc1 Qa5 15.
cxd5 Nxd5 16. Nxd5 exd5 17. Rc5 Qxa2 18. Bxd5 Bxd4 19. Rxc6 bxc6 20. Qxd4 1-0

[Event "ch-European Rapid 2013"]
[Site "Warsaw POL"]
[Date "2013.12.14"]
[Round "2.16"]
[White "Stoppel, Mariusz"]
[Black "Ivanisevic, Ivan"]
[Result "0-1"]
[BlackTitle "GM"]
[WhiteElo "2048"]
[BlackElo "2626"]
[WhiteFideId "1111108"]
[BlackFideId "912417"]
[EventDate "2013.12.14"]
[EventType "swiss"]

1. e4 c5 2. b4 b6 3. Bb2 Bb7 4. d3 e6 5. b5 d5 6. Nd2 Nd7 7. g3 dxe4 8. dxe4
Ngf6 9. Bg2 Qc7 10. Ne2 h5 11. O-O h4 12. c4 Rd8 13. Qc2 Be7 14. Rae1 hxg3 15.
fxg3 Ne5 16. Nf4 Bd6 17. Qc3 Rd7 18. Re2 O-O 19. h3 Rfd8 20. Bc1 Bf8 21. Nf3
Nxf3+ 22. Qxf3 Rd1 23. Kh2 Rxf1 24. Qxf1 Bd6 25. Re1 Be5 26. Qe2 Rd4 27. Be3 Rd7
28. Bc1 Qd6 29. Rf1 Qd4 30. Be3 Qc3 31. Rc1 Qa3 32. Bf2 Qxc1 0-1

[Event "ch-European Rapid 2013"]
[Site "Warsaw POL"]
[Date "2013.12.14"]
[Round "2.17"]
[White "Petrosian, Tigran L."]
[Black "Narmontas, Raimondas"]
[Result "1-0"]
[WhiteTitle "GM"]
[WhiteElo "2648"]
[BlackElo "2076"]
[WhiteFideId "13301616"]
[BlackFideId "12801135"]
[EventDate "2013.12.14"]
[EventType "swiss"]

1. e4 c6 2. Nc3 d5 3. Nf3 Bg4 4. h3 Bxf3 5. Qxf3 e6 6. d3 Nf6 7. Bd2 Nbd7 8. g4
h6 9. Bg2 d4 10. Ne2 c5 11. e5 Nd5 12. Qe4 Qb6 13. c4 Qxb2 14. O-O Qxd2 15. cxd5
exd5 16. Qxd5 Be7 17. Ng3 Qg5 18. f4 Qg6 19. Rab1 Rb8 20. Rxb7 Rxb7 21. Qxb7 Qb6
22. Rb1 Qd8 23. Bc6 g6 24. Ne4 Rh7 25. Qxd7+ Qxd7 26. Rb8+ Bd8 27. Nf6+ 1-0

[Event "ch-European Rapid 2013"]
[Site "Warsaw POL"]
[Date "2013.12.14"]
[Round "2.18"]
[White "Poswiatowski, Michal"]
[Black "Miton, Kamil"]
[Result "0-1"]
[BlackTitle "GM"]
[WhiteElo "2039"]
[BlackElo "2591"]
[WhiteFideId "1180045"]
[BlackFideId "1111914"]
[EventDate "2013.12.14"]
[EventType "swiss"]

1. e4 c5 2. Nf3 Nc6 3. d4 cxd4 4. Nxd4 e5 5. Nb5 d6 6. a4 Nf6 7. N1c3 a6 8. Na3
Bg4 9. Be2 Be6 10. O-O Be7 11. Nc4 O-O 12. Ne3 Nd4 13. Ned5 Bxd5 14. exd5 Rc8
15. Be3 Nf5 16. Qd3 Nxe3 17. fxe3 Nd7 18. Bg4 g6 19. a5 f5 20. Bh3 e4 21. Qd2
Bf6 22. Ne2 Be5 23. Rab1 Nf6 24. b3 Rc5 25. c4 Rxa5 26. Nd4 Bxd4 27. exd4 b5 28.
Rb2 Qb6 29. Kh1 b4 30. g4 fxg4 31. Bxg4 Kg7 32. Be6 Ra3 33. Qd1 Qa5 34. Rbf2 Ra2
35. Rxf6 Rxf6 0-1

[Event "ch-European Rapid 2013"]
[Site "Warsaw POL"]
[Date "2013.12.14"]
[Round "2.19"]
[White "Salgado Lopez, Ivan"]
[Black "Miknevicius, Laurynas"]
[Result "1-0"]
[WhiteTitle "GM"]
[WhiteElo "2597"]
[BlackElo "2062"]
[WhiteFideId "2257327"]
[BlackFideId "12807427"]
[EventDate "2013.12.14"]
[EventType "swiss"]

1. e4 c5 2. c3 Nf6 3. e5 Nd5 4. Nf3 Nc6 5. d4 cxd4 6. cxd4 d6 7. Bc4 Nb6 8. Bb5
dxe5 9. Nxe5 Bd7 10. Nxd7 Qxd7 11. Nc3 e6 12. O-O Rd8 13. Be3 Nd5 14. Rc1 Be7
15. Nxd5 Qxd5 16. Qa4 O-O 17. Bxc6 bxc6 18. Rxc6 Rb8 19. b3 a5 20. Qc4 Qh5 21.
h3 h6 22. Rc1 Rfd8 23. Qa6 Qf5 24. Qe2 Bb4 25. Qg4 Qf6 26. Qe4 Rb5 27. Rc8 Rd5
28. R1c6 Bf8 29. R8c7 Bb4 30. Ra6 Bd6 31. Rca7 Bb4 32. Rc6 Bf8 33. g3 Ba3 34.
Rcc7 Bb4 35. Kg2 Ba3 36. Qf3 Rf5 37. Qb7 Rf8 38. Ra8 Rxa8 39. Qxa8+ Kh7 40. Qe4
Qd8 41. Rxf7 Qd5 42. Qxd5 Rxd5 43. Ra7 Bb4 44. Kf3 Kg6 45. Ke4 Bc3 46. g4 Kf6
47. f4 g5 48. fxg5+ hxg5 49. Rc7 Bb4 50. Rc2 Rb5 51. Bf2 Bd6 52. h4 gxh4 53.
Bxh4+ Kg6 54. Rc6 Rd5 55. Bg3 1-0

[Event "ch-European Rapid 2013"]
[Site "Warsaw POL"]
[Date "2013.12.14"]
[Round "2.20"]
[White "Szmacinska, Grazyna"]
[Black "Jussupow, Artur"]
[Result "0-1"]
[WhiteTitle "WIM"]
[BlackTitle "GM"]
[WhiteElo "2128"]
[BlackElo "2583"]
[WhiteFideId "1103440"]
[BlackFideId "4618777"]
[EventDate "2013.12.14"]
[EventType "swiss"]

1. d4 d5 2. c4 dxc4 3. Nf3 Nf6 4. e3 Bg4 5. Bxc4 e6 6. Nc3 a6 7. O-O Nc6 8. Be2
Bd6 9. h3 Bh5 10. e4 Bxf3 11. Bxf3 Nxd4 12. Be3 Be5 13. Bxd4 Qxd4 14. Qb3 Qb6
15. Qxb6 cxb6 16. Nd1 Ke7 17. Rb1 Rac8 18. Ne3 Rhd8 19. b3 b5 20. Rfd1 h5 21.
Kf1 g6 22. Rxd8 Kxd8 23. Rd1+ Ke7 24. Ke2 Nd7 25. g3 Nb8 26. Bg2 g5 27. Rd2 Nc6
28. Nc2 h4 29. Rd3 hxg3 30. fxg3 Bb8 31. g4 Ne5 32. Rd2 Ba7 33. Ne1 Rc3 34. Nd3
Nc6 35. Kd1 Be3 0-1

[Event "ch-European Rapid 2013"]
[Site "Warsaw POL"]
[Date "2013.12.14"]
[Round "2.21"]
[White "Krasenkow, Michal"]
[Black "Czyz, Artur"]
[Result "1-0"]
[WhiteTitle "GM"]
[WhiteElo "2633"]
[BlackElo "2039"]
[WhiteFideId "1113100"]
[BlackFideId "1126474"]
[EventDate "2013.12.14"]
[EventType "swiss"]

1. Nf3 Nf6 2. c4 g6 3. Nc3 Bg7 4. e4 d6 5. d4 O-O 6. h3 e5 7. d5 Nbd7 8. Bg5 h6
9. Be3 Nc5 10. Nd2 a5 11. Be2 Nfd7 12. g4 Kh7 13. h4 Rh8 14. h5 gxh5 15. Rxh5
Nf6 16. Rh2 Kg8 17. Rg2 Nh7 18. Qc2 Nf8 19. O-O-O Ng6 20. Nf3 Nf4 21. Bxf4 exf4
22. Qd2 Be5 23. g5 h5 24. Rh1 Bg4 25. Nxe5 dxe5 26. Bxg4 hxg4 27. Rxh8+ Kxh8 28.
Rxg4 Kg7 29. Nb5 Qh8 30. Rg1 Qh2 31. Rd1 Rd8 32. Qc3 f6 33. Nxc7 Qxf2 34. gxf6+
Kxf6 35. Qxa5 Qe3+ 36. Kb1 Qxe4+ 37. Ka1 Qxc4 38. Qb6+ Kf5 39. Rh1 Rg8 40. Qh6
Ke4 41. Qh7+ 1-0

[Event "ch-European Rapid 2013"]
[Site "Warsaw POL"]
[Date "2013.12.14"]
[Round "2.22"]
[White "Sliwicki, Damian"]
[Black "Dubov, Daniil"]
[Result "0-1"]
[BlackTitle "GM"]
[WhiteElo "2127"]
[BlackElo "2629"]
[WhiteFideId "1127128"]
[BlackFideId "24126055"]
[EventDate "2013.12.14"]
[EventType "swiss"]

1. e4 c5 2. Nf3 e6 3. d4 cxd4 4. Nxd4 Nc6 5. Nc3 a6 6. g3 Qc7 7. Bg2 d6 8. O-O
Bd7 9. Re1 Be7 10. a4 Nf6 11. Nxc6 Bxc6 12. a5 O-O 13. Bf4 Rfe8 14. Qd2 Nd7 15.
Na4 Rac8 16. c4 Rcd8 17. Nc3 b6 18. b4 Ne5 19. Qe2 bxa5 20. Rxa5 Bb7 21. c5 dxc5
22. Na4 cxb4 23. Rxe5 Qc6 24. Qa2 Rd3 25. Nb2 Rc3 26. Qa4 Qc8 27. Rd1 Rd8 28.
Rxd8+ Qxd8 29. Qa5 Qd4 30. Na4 Rc6 31. Bf1 f6 32. Rh5 Qxe4 33. Bg2 Rc1+ 0-1

[Event "ch-European Rapid 2013"]
[Site "Warsaw POL"]
[Date "2013.12.14"]
[Round "2.23"]
[White "Andriasian, Zaven"]
[Black "Fargere, Jacky"]
[Result "1-0"]
[WhiteTitle "GM"]
[WhiteElo "2610"]
[BlackElo "2025"]
[WhiteFideId "13302000"]
[BlackFideId "625205"]
[EventDate "2013.12.14"]
[EventType "swiss"]

1. e4 c5 2. Nc3 Nc6 3. Bb5 g6 4. Bxc6 bxc6 5. d3 Bg7 6. f4 d6 7. Nf3 Bg4 8. O-O
Nf6 9. Qe1 Qb6 10. Kh1 Rb8 11. Qh4 Bxf3 12. Rxf3 d5 13. e5 Nd7 14. Rb1 e6 15.
Bd2 O-O 16. Rh3 f5 17. Qxh7+ Kf7 18. Rg3 Rg8 19. Qxg6+ Ke7 20. b3 c4 21. dxc4
dxc4 22. Be3 Qb7 23. Rd1 Qb4 24. Qh7 1-0

[Event "ch-European Rapid 2013"]
[Site "Warsaw POL"]
[Date "2013.12.14"]
[Round "2.24"]
[White "Halych, Heorhiy"]
[Black "Neiksans, Arturs"]
[Result "0-1"]
[BlackTitle "GM"]
[WhiteElo "2022"]
[BlackElo "2560"]
[WhiteFideId "14116707"]
[BlackFideId "11601388"]
[EventDate "2013.12.14"]
[EventType "swiss"]

1. e4 c5 2. Nf3 e6 3. d4 cxd4 4. Nxd4 a6 5. Nc3 Qc7 6. Be2 Nf6 7. O-O Be7 8. Kh1
d6 9. a4 O-O 10. a5 Nc6 11. Nb3 d5 12. Bd3 d4 13. Ne2 e5 14. Bd2 Be6 15. f4 Ng4
16. Rf3 Ne3 17. Bxe3 dxe3 18. Qc1 Bg4 19. Qxe3 Bxf3 20. Qxf3 exf4 21. Qxf4 Bd6
22. Qh4 Be5 23. c3 Rad8 24. Qh3 g6 25. Qe3 Rd7 26. Rf1 Nxa5 27. Nc5 Re7 28. b4
Nc6 29. h4 Bg7 30. Bc4 a5 31. Bb3 axb4 32. cxb4 Nxb4 33. Rc1 Nc6 34. Qd3 Ne5 35.
Qe3 Ng4 36. Qf4 Qxf4 37. Nxf4 Bh6 38. Nd5 Rxe4 39. Rb1 Re2 40. Nd7 Rd8 41. Ba4
Kg7 42. Nc3 Re3 43. Nd5 Re4 44. Bb5 Rde8 45. Rf1 Re1 46. Kg1 Be3+ 47. Nxe3 R8xe3
48. Bc4 Rxf1+ 49. Kxf1 Re7 0-1

[Event "ch-European Rapid 2013"]
[Site "Warsaw POL"]
[Date "2013.12.14"]
[Round "2.25"]
[White "Antipov, Mikhail Al."]
[Black "Ulanowski, Karol"]
[Result "1-0"]
[WhiteTitle "GM"]
[WhiteElo "2511"]
[BlackElo "2144"]
[WhiteFideId "4107012"]
[BlackFideId "1108964"]
[EventDate "2013.12.14"]
[EventType "swiss"]

1. e4 c5 2. Nf3 d6 3. d4 cxd4 4. Nxd4 Nf6 5. Nc3 a6 6. h3 e6 7. g4 Be7 8. Bg2
Qc7 9. Be3 Nc6 10. g5 Nd7 11. f4 b5 12. Nxc6 Qxc6 13. Qd2 Bb7 14. O-O-O Nc5 15.
Qd4 Rg8 16. Rhe1 O-O-O 17. Kb1 Kb8 18. Bg1 h6 19. h4 hxg5 20. hxg5 g6 21. Ne2
Rd7 22. Nc1 Rgd8 23. Nd3 Qc7 24. Rc1 e5 25. fxe5 dxe5 26. Qe3 Rd4 27. Bh2 Bd6
28. Red1 Nxe4 29. c3 Ra4 30. Nxe5 Re8 31. b3 Ra3 32. Bxe4 Bxe5 33. Bxb7 Kxb7 34.
Qe4+ Ka7 35. Rd5 Bxh2 36. Qxe8 Bd6 37. Qe3+ Kb7 38. Rcd1 Bf4 39. Qe4 1-0

[Event "ch-European Rapid 2013"]
[Site "Warsaw POL"]
[Date "2013.12.14"]
[Round "2.26"]
[White "Yaremenko, Roman"]
[Black "Bryzgalin, Kirill"]
[Result "0-1"]
[BlackTitle "GM"]
[WhiteElo "1925"]
[BlackElo "2460"]
[WhiteFideId "14136082"]
[BlackFideId "4133285"]
[EventDate "2013.12.14"]
[EventType "swiss"]

1. e4 e5 2. Nf3 Nc6 3. Bb5 a6 4. Ba4 Nf6 5. d3 d6 6. c3 g6 7. O-O Bg7 8. Re1 O-O
9. Nbd2 b5 10. Bc2 Nb8 11. d4 Nbd7 12. Nf1 Bb7 13. a4 Re8 14. Ng3 h6 15. h3 c5
16. dxe5 dxe5 17. Be3 Qc7 18. Qd2 Kh7 19. Red1 Bf8 20. Qe2 Bc6 21. Nh2 c4 22.
Ng4 Nxg4 23. hxg4 Nc5 24. g5 bxa4 25. Bxc5 Bxc5 26. Bxa4 Bb5 27. gxh6 Rad8 28.
Nf1 Qb6 29. Qf3 f6 30. Nh2 Bxa4 31. Rxd8 Rxd8 32. Rxa4 Qc6 33. Rxc4 Bxf2+ 34.
Qxf2 Rd1+ 35. Nf1 Qxc4 36. Qa7+ Kxh6 37. Qe3+ Kg7 38. Qa7+ Qf7 39. Qxa6 Re1 40.
Qa4 Qb7 41. b4 Qb6+ 42. Kh2 Rxf1 43. Qd7+ Kf8 44. c4 Qg1+ 45. Kh3 Qe3+ 46. Kh2
Qf4+ 47. g3 Rf2+ 48. Kh3 Qh6+ 49. Kg4 Qh5# 0-1

[Event "ch-European Rapid 2013"]
[Site "Warsaw POL"]
[Date "2013.12.14"]
[Round "2.27"]
[White "Mista, Aleksander"]
[Black "Rozycki, Bartlomiej"]
[Result "1-0"]
[WhiteTitle "GM"]
[WhiteElo "2583"]
[BlackElo "2052"]
[WhiteFideId "1110381"]
[BlackFideId "1106996"]
[EventDate "2013.12.14"]
[EventType "swiss"]

1. e4 c5 2. Nf3 d6 3. d4 cxd4 4. Nxd4 Nf6 5. Nc3 a6 6. Be2 e6 7. f4 Be7 8. Be3
O-O 9. O-O Qc7 10. g4 Nc6 11. g5 Nd7 12. f5 e5 13. Nb3 f6 14. Bc4+ Kh8 15. g6
Rd8 16. Nd5 Qb8 17. Qh5 Nf8 18. Rf3 b5 19. Nxe7 Nxe7 20. Bf7 Bd7 21. Rh3 Be8 22.
Qxh7+ Nxh7 23. Rxh7# 1-0

[Event "ch-European Rapid 2013"]
[Site "Warsaw POL"]
[Date "2013.12.14"]
[Round "2.28"]
[White "Chubar, Vladimir"]
[Black "Dziuba, Marcin"]
[Result "0-1"]
[WhiteTitle "IM"]
[BlackTitle "GM"]
[WhiteElo "2090"]
[BlackElo "2576"]
[WhiteFideId "14101491"]
[BlackFideId "1112953"]
[EventDate "2013.12.14"]
[EventType "swiss"]

1. d4 d5 2. Nf3 Nf6 3. Bf4 g6 4. e3 Bg7 5. Nbd2 O-O 6. Bd3 b6 7. Qe2 c5 8. c3
Bb7 9. h3 Nc6 10. O-O Nd7 11. Ba6 Qc8 12. Bxb7 Qxb7 13. Rad1 Rfd8 14. Nb3 c4 15.
Nbd2 b5 16. e4 e6 17. Rfe1 Nb6 18. Qe3 dxe4 19. Qxe4 Nd5 20. Bg5 Re8 21. Qh4
Nce7 22. Bxe7 Nxe7 23. Ne4 Rad8 24. Nf6+ Bxf6 25. Qxf6 Nd5 26. Qh4 Kg7 27. Ng5
Nf6 28. Re3 h6 29. Nf3 Nd5 30. Ree1 b4 31. cxb4 Qxb4 32. Rd2 Ne7 33. Qf4 Nd5 34.
Qe5+ Kg8 35. h4 h5 36. Rde2 Rb8 37. Qe4 c3 38. b3 Rbc8 39. Ne5 Qe7 40. g4 Qxh4
41. Kg2 Qf6 42. Kg3 h4+ 43. Kh2 g5 44. Kg1 Red8 45. a3 Qf4 46. Qd3 Nf6 47. Qb5
c2 48. Nc6 Qxg4+ 49. Kh2 Qf4+ 50. Kg1 c1=Q 51. Ne7+ Kg7 52. Rxc1 Rxc1+ 53. Kg2
h3+ 0-1